| 000 | 00427 a2200145 4500 | ||
|---|---|---|---|
| 005 | 20250619094902.0 | ||
| 020 | _a978-0-07-321055-1 | ||
| 082 | _a658.2LUS | ||
| 100 | _aLussier .N. Robert | ||
| 245 | _aHuman Relation In Organizations,; Application And Skill Building | ||
| 250 | _a7th Ed | ||
| 260 |
_aNew york, _bMc Graw Hill, _c2008. |
||
| 300 |
_axx;, 584p,; ill, figure, table, _bAppendix, Index, _c27cm. |
||
| 942 |
_2ddc _cBKS |
||
| 999 |
_c4391 _d4391 |
||